Flags of Countries That Border Italy - Statistics

General Stats
  • This quiz has been taken 3,214 times
  • The average score is 6 of 6
Answer Stats
Picture Answer % Correct
France
100%
Switzerland
99%
Austria
97%
Vatican City
95%
San Marino
92%
Slovenia
92%
No matching quizzes found
Score Distribution
Percent of People with Each Score
Percentile by Number Answered
Your Score History
You have not taken this quiz